| 000 | 01841cam a2200301 i 4500 | ||
|---|---|---|---|
| 999 |
_c10410 _d10410 |
||
| 003 | OSt | ||
| 005 | 20220316143722.0 | ||
| 008 | 171017s2018 sz a b 001 0 eng | ||
| 010 | _a 2017049947 | ||
| 020 | _a9783035604313 (hardback) | ||
| 040 |
_aDLC _beng _erda _cDLC _dDLC |
||
| 041 | 1 |
_aeng _hger |
|
| 042 | _apcc | ||
| 082 | 0 | 0 |
_a701/.8 _223 |
| 084 |
_aARC000000 _aARC007000 _2bisacsh |
||
| 100 | 1 |
_aKleine, Holger, _eauthor. |
|
| 240 | 1 | 0 |
_aRaumdramaturgie. _lEnglish |
| 245 | 1 | 4 |
_aThe drama of space : _bspatial sequences and compositions in architecture / _cHolger Kleine. |
| 300 |
_a294 pages : _billustrations ; _c31 cm |
||
| 504 | _aIncludes bibliographical references (pages 284-286) and index. | ||
| 520 | _a"The experience of architectural spaces is formed by the way they are structured, arranged and orchestrated. The Drama of Space examines the composition and articulation of architectural spaces and presents a repertoire of means and strategies for shaping spatial experience. This fundamental approach to architectural design is presented in four parts - principles of spatial dramaturgy are traced from the study of three assembly buildings of the early modern age in Venice - theatre, film, music and theory provide insight into dramaturgical theory and practice - extensive visits to 18 international case studies offer new perspectives on contemporary architecture - the book ends with a systematic presentation of the dramaturgy of space and its means and parameters in architectural design"--Page 4 of cover. | ||
| 650 | 0 |
_aArchitecture _xComposition, proportion, etc. |
|
| 650 | 0 |
_aSpace (Architecture) _xPsychological aspects. |
|
| 650 | 7 |
_aARCHITECTURE / General. _2bisacsh |
|
| 650 | 7 |
_aARCHITECTURE / Interior Design / General. _2bisacsh |
|
| 700 | 1 |
_aReisenberger, Julian, _etranslator. |
|
| 942 | _2ddc | ||